000 00931nam a2200289Ia 4500
003 OSt
005 20220924122511.0
006 a|||||r|||| 00| 0
007 ta
008 220923b |||||||| |||| 00| 0 ben d
020 _a9781367444891 (hbk)
020 _cINR 995.00
024 _a352710
037 _b060, 18/02/2020, Excel Book International
_cTextual
040 _aARTS
_cARTS
_bben
041 _2ben
_aben
082 _aO32,3M98:g(Y), 111R0
100 _aPillai S. Devadas Au.
_9189697
245 0 _aSociology through literature
_b study of kaaroor's stories
260 _aLondon
_bRoutledge UK
_c2020
300 _axii,229p.
_ccm.
650 _a MALAYALAM LITERATURE
_938866
650 _a SOCIOLOGY
650 _aMALAYALAM FICTION
_9183428
942 _hO32,3M98:g(Y), 111R0
_cTEXL
_2CC
999 _c411873
_d411873